THE PRACTICE OF SILVICULTURE (Record no. 34844)

MARC details
000 -LEADER
fixed length control field 00427nam a22001697a 4500
003 - CONTROL NUMBER IDENTIFIER
control field OSt
005 - DATE AND TIME OF LATEST TRANSACTION
control field 20220415111105.0
008 - FIXED-LENGTH DATA ELEMENTS--GENERAL INFORMATION
fixed length control field 220415b |||||||| |||| 00| 0 eng d
020 ## - INTERNATIONAL STANDARD BOOK NUMBER
International Standard Book Number 0471800171
040 ## - CATALOGING SOURCE
Transcribing agency HU
082 ## - DEWEY DECIMAL CLASSIFICATION NUMBER
Classification number 634..95
100 ## - MAIN ENTRY--PERSONAL NAME
Personal name MARTYN DAVID SMITH
9 (RLIN) 35977
245 ## - TITLE STATEMENT
Title THE PRACTICE OF SILVICULTURE
260 ## - PUBLICATION, DISTRIBUTION, ETC.
Place of publication, distribution, etc. LONDON
Name of publisher, distributor, etc. JOHN WILEY & SONS
Date of publication, distribution, etc. 1962
300 ## - PHYSICAL DESCRIPTION
Extent VIII, 565 P
Other physical details HC
Dimensions 25 CM
942 ## - ADDED ENTRY ELEMENTS (KOHA)
Source of classification or shelving scheme Dewey Decimal Classification
Koha item type Books like text book referance book
Suppress in OPAC No
Holdings
Withdrawn status Lost status Source of classification or shelving scheme Damaged status Not for loan Collection code Home library Current library Shelving location Date acquired Total Checkouts Full call number Barcode Date last seen Copy number Price effective from Koha item type
    Dewey Decimal Classification Damaged   Reference Wondo Genet Library Wondo Genet Library General Stacks 04/15/2022   634.95 MAR 1962 WGCFNRL00019133 04/15/2022 1 04/15/2022 Books like text book referance book